000 00338pab a2200133 454500
008 180718b1986 xxu||||| |||| 00| 0 eng d
100 _aPozderac, Hamdija
245 _aThe socio - economic roots of nationalism
260 _c1986
300 _a59-84
650 _aNationalism
773 _aSocialist Though and Practice
909 _a14010
999 _c14010
_d14010